The philosophy of Nietzsche. (Record no. 131039)
[ view plain ]
| 000 -LEADER | |
|---|---|
| fixed length control field | 00933cam a22002771 4500 |
| 001 - CONTROL NUMBER | |
| control field | 8928551 |
| 003 - CONTROL NUMBER IDENTIFIER | |
| control field | ARRUPE |
| 005 - DATE AND TIME OF LATEST TRANSACTION | |
| control field | 20211028120307.0 |
| 008 - FIXED-LENGTH DATA ELEMENTS--GENERAL INFORMATION | |
| fixed length control field | 740607s1965 nyu 000 0 eng |
| 010 ## - LIBRARY OF CONGRESS CONTROL NUMBER | |
| LC control number | 65009346 |
| 035 ## - SYSTEM CONTROL NUMBER | |
| System control number | (OCoLC)911226 |
| 040 ## - CATALOGING SOURCE | |
| Original cataloging agency | DLC |
| Transcribing agency | OHirC |
| Modifying agency | OCoLC |
| -- | DLC |
| 041 1# - LANGUAGE CODE | |
| Language code of text/sound track or separate title | eng |
| Language code of original and/or intermediate translations of text | ger |
| 042 ## - AUTHENTICATION CODE | |
| Authentication code | premarc |
| 050 00 - LIBRARY OF CONGRESS CALL NUMBER | |
| Classification number | B3312.E52 |
| Item number | C5 |
| 300 ## - PHYSICAL DESCRIPTION | |
| Dimensions | 18cm. |
| 100 1# - MAIN ENTRY--PERSONAL NAME | |
| Personal name | Nietzsche, Friedrich Wilhelm, |
| Dates associated with a name | 1844-1900. |
| 245 04 - TITLE STATEMENT | |
| Title | The philosophy of Nietzsche. |
| Statement of responsibility, etc | Edited and with an introd. by Geoffrey Clive. |
| 260 ## - PUBLICATION, DISTRIBUTION, ETC. (IMPRINT) | |
| Place of publication, distribution, etc | [New York] |
| Name of publisher, distributor, etc | New American Library |
| Date of publication, distribution, etc | [1965] |
| 300 ## - PHYSICAL DESCRIPTION | |
| Extent | 640p. |
| 440 #4 - SERIES STATEMENT/ADDED ENTRY--TITLE | |
| Title | The Mentor philosophers |
| 9 (RLIN) | 33220 |
| 500 ## - GENERAL NOTE | |
| General note | Translations selected from the Levy ed.(London, 1921); arrangement based on the Schlechta ed.(Munich, 1954-56) |
| 650 #0 - SUBJECT ADDED ENTRY--TOPICAL TERM | |
| Topical term or geographic name as entry element | Philosophy. |
| 700 1# - ADDED ENTRY--PERSONAL NAME | |
| Personal name | Clive, Geoffrey, |
| Dates associated with a name | 1927- |
| Relator term | ed. |
| 9 (RLIN) | 33183 |
| 906 ## - LOCAL DATA ELEMENT F, LDF (RLIN) | |
| a | 7 |
| b | cbc |
| c | oclcrpl |
| d | u |
| e | ncip |
| f | 19 |
| g | y-gencatlg |
| 942 ## - ADDED ENTRY ELEMENTS (KOHA) | |
| Source of classification or shelving scheme | Library of Congress Classification |
| Koha item type | Monograph ( Printed materials) |
| Withdrawn status | Lost status | Source of classification or shelving scheme | Damaged status | Not for loan | Collection code | Home library | Current library | Shelving location | Date acquired | Total Checkouts | Full call number | Barcode | Date last seen | Price effective from | Koha item type |
|---|---|---|---|---|---|---|---|---|---|---|---|---|---|---|---|
| Library of Congress Classification | Main Collection | ARRUPE LIBRARY | ARRUPE LIBRARY | Main Collection | 28/10/2021 | B3312.E52 C5 | 46600007020 | 28/10/2021 | 28/10/2021 | Monograph ( Printed materials) |